000
002450000a22000970004500
100
1
_a
Melhus, Kaare
245
1
0
_a
Turn stumbling blocks into stepping stones
300
_a
Núm 67 (1994), Páginas 13
773
0
_t
World Evangelization
942
_c
ANA
999
_c
57586
_d
57586